| 000 | 00552nam a22001937a 4500 | ||
|---|---|---|---|
| 003 | UA-OsUOA | ||
| 001 | 25538 | ||
| 007 | ta | ||
| 008 | 20040323b un ||||| |||| 00| 0 ukr d | ||
| 100 | _aМарюта О. М. | ||
| 700 | _aЄлисеєва О.К. | ||
| 942 | _cSA | ||
| 040 |
_aUA-OsUOA _cUA-OsUOA _dUA-OsUOA |
||
| 245 | _aАдаптивне управління прибутком підприємства | ||
| 300 | _aС.83-89 | ||
| 955 | _a0 | ||
| 773 | 0 |
_w0 _tФінанси України _dКиїв _d2004 _g№3 |
|
| 650 | 7 |
_aУкраїна _2UDC |
|
| 999 |
_c311836 _d311836 |
||